Di sản thế giới chọn lọc
Giới thiệu di sản chọn lọc của Châu Á, Châu AAuu, Châu Phi, Châu Nỹ, Châu Đại Dương và Châu Nam Cực.
Đã lưu trong:
| Tác giả chính: | |
|---|---|
| Định dạng: | Sách |
| Năm xuất bản: |
Tp HCM
Nxb Trẻ
2003
|
| Chủ đề: | |
| Tags: |
Thêm thẻ
Không có thẻ, Hãy là người đầu tiên gắn thẻ bản ghi này!
|
| LEADER | 00721nam a2200169 4500 | ||
|---|---|---|---|
| 999 | |c 8865 |d 8865 | ||
| 082 | |a 306.46 |b B510Đ | ||
| 100 | |a Bùi Đẹp | ||
| 245 | |a Di sản thế giới chọn lọc |c Bùi Đẹp sưu tầm và biên soạn; Yên Thảo hiệu đính | ||
| 260 | |a Tp HCM |b Nxb Trẻ |c 2003 | ||
| 300 | |a 542 tr. |c 20 cm. | ||
| 520 | |a Giới thiệu di sản chọn lọc của Châu Á, Châu AAuu, Châu Phi, Châu Nỹ, Châu Đại Dương và Châu Nam Cực. | ||
| 653 | |a Văn hóa | ||
| 653 | |a Di sản văn hóa | ||
| 653 | |a thế giới | ||
| 942 | |2 ddc |c SH | ||
| 952 | |0 0 |1 0 |2 ddc |4 0 |6 306_460000000000000_B510Đ |7 0 |8 300 |9 71860 |a qbu |b qbu |c D2 |d 2015-05-01 |g 70000 |o 306.46 B510Đ |p 8551.c1 |r 0000-00-00 |w 2015-05-01 |y SH | ||